Discurso pronunciado / (Record no. 69206)

MARC details
000 -LEADER
campo de control de longitud fija 00757nam a2200217 i 4500
001 - NÚMERO DE CONTROL
campo de control 69206
003 - IDENTIFICADOR DE NÚMERO DE CONTROL
campo de control ES-MaACL
005 - FECHA Y HORA DE LA ÚLTIMA TRANSACCIÓN
campo de control 20231221152503.0
007 - CAMPO FIJO DE DESCRIPCIÓN FÍSICA--INFORMACIÓN GENERAL
campo de control de longitud fija t|
008 - DATOS DE LONGITUD FIJA--INFORMACIÓN GENERAL
campo de control de longitud fija 040917s2003 sp ||||1| spa d
080 ## - NÚMERO DE LA CLASIFICACIÓN DECIMAL UNIVERSAL
Número de la Clasificación Decimal Universal 821.134.2-5"19"
100 1# - ENTRADA PRINCIPAL--NOMBRE DE PERSONA
Nombre de persona Alcalá Zamora, Niceto,
Fechas asociadas al nombre 1877-1949
9 (RLIN) 19473
245 10 - MENCIÓN DEL TÍTULO
Título Discurso pronunciado /
Mención de responsabilidad, etc. por D. Niceto Alcalá-Zamora en los Juegos florales de Sevilla el 12 de marzo de 1914.
260 ## - PUBLICACIÓN, DISTRIBUCIÓN, ETC.
Lugar de publicación, distribución, etc. Sevilla :
Nombre del editor, distribuidor, etc. Ateneo de Sevilla,
Fecha de publicación, distribución, etc. [2003]
300 ## - DESCRIPCIÓN FÍSICA
Extensión 31 p. :
Otras características físicas 1 retr. ;
Dimensiones 25 cm.
500 ## - NOTA GENERAL
Nota general Tit. tomado de la cubierta.
534 ## - NOTA SOBRE LA VERSIÓN ORIGINAL
Frase introductoria Reprod. de la ed. de:
Publicación, distribución, etc. del original -- Madrid : Est. tip. Artes Gráficas, 1914.
710 2# - ENTRADA AGREGADA--NOMBRE DE ENTIDAD CORPORATIVA
Nombre de entidad corporativa o nombre de jurisdicción como elemento de entrada Ateneo de Sevilla.
9 (RLIN) 2028
852 ## - LOCALIZACIÓN
Ubicación ES-MaACL
Número de control de estantería 2180-F-8
Sublocalización o colección R.133279
Holdings
Estatus retirado Estado de pérdida Fuente del sistema de clasificación o colocación Estado de daño No para préstamo Colección Biblioteca de origen Biblioteca actual Ubicación en estantería Fecha de adquisición Total de préstamos Signatura topográfica completa Código de barras Visto por última vez Precio de reemplazo Tipo de ítem Koha
    Clasificación decimal universal     Colección de folletos Biblioteca del Ateneo de Madrid Biblioteca del Ateneo de Madrid Depósito folletos 17/01/2008   2180-F-8 1072469 23/02/2023 23/02/2023 Folleto